Preventing crisis in the banking sector and the role of internal audit in corporate governance

Význam konceptu Corporate Governance a interného auditu pri predchádzaní krízam v bankovom a finančnom sektore. Prehľad procesu implementácie konceptu Corporate Governance vo finančných inštitúciách. Interný audit v modeli troch línií obrany.

Salvato in:
Dettagli Bibliografici
Autore principale: Klimiková, Mária
Altri autori: Muchová, Martina, 1973-
Natura: Capitolo di libro
Lingua:inglese
Soggetti:
Tags: Aggiungi Tag
Nessun Tag, puoi essere il primo ad aggiungerne!!

MARC

LEADER 00000naa$a2200000$$$4500
001 0222294
005 20240502083551.2
041 0 |a eng 
044 |a CZ 
245 1 0 |a Preventing crisis in the banking sector and the role of internal audit in corporate governance  |c Mária Klimiková, Martina Muchová 
520 |a Význam konceptu Corporate Governance a interného auditu pri predchádzaní krízam v bankovom a finančnom sektore. Prehľad procesu implementácie konceptu Corporate Governance vo finančných inštitúciách. Interný audit v modeli troch línií obrany. 
610 2 0 |a správa spoločnosti 
610 2 0 |a audit interný 
610 2 0 |a kríza finančná 
610 2 0 |a manažment 
610 2 0 |a trh finančný 
100 1 |a Klimiková, Mária 
700 1 |a Muchová, Martina, 1973-